[Event "Ajedrez Latino"]
[Site "SchemingMind.com"]
[Date "2007.11.01"]
[Round "-"]
[White "ivan"]
[Black "roboam"]
[Result "0-1"]
[WhiteCountry "CRO"]
[BlackCountry "ESP"]
[WhiteElo "1711"]
[WhiteRD "67"]
[BlackElo "1740"]
[BlackRD "101"]
[GameID "127258"]

1. e4 e5 2. Nf3 Nf6 3. Nc3 Nc6 4. Bb5 Bb4 5. d3 d6 6. Bg5 Bd7 7. O-O h6 8. Bxf6 Qxf6 9. Nd5 Qg6 10. Bxc6 bxc6
11. Nxc7+ Ke7 12. Nh4 Qg5 13. Nf3 Qg6 14. Nh4 Qg5 15. Nf5+ Bxf5 16. exf5 Rac8 17. f6+ Qxf6 18. Na6 Ba5 19. a3 c5 20. b4 Bc7
21. Nxc7 Rxc7 22. Re1 Re8 23. Qd2 Kf8 24. Rab1 a6 25. b5 axb5 26. Rxb5 Ra8 27. Qc3 Rac8 28. Rb6 Rc6 29. Qb3 Qd8 30. Rb7 R6c7
31. Rb5 Qd7 32. a4 c4 33. dxc4 Rxc4 34. a5 Rxc2 35. a6 Qa7 36. Rb6 Rc1 37. Kf1 d5 38. Qb5 R1c5 39. Qb4 Kg8 40. Rb1 Rc1+
41. Rxc1 Rxc1+ 42. Ke2 Rc4 43. Qb1 g6 44. Rb8+ Kg7 45. Qb5 Re4+ 46. Kf1 Rd4 47. Rb7 Rd1+ 48. Ke2 Qd4 49. Qb3 Qd2+ 50. Kf3 Qf4+
51. Ke2 Rd2+ 52. Ke1 Qxf2#
0-1

[Event "Ajedrez Latino"]
[Site "SchemingMind.com"]
[Date "2007.11.02"]
[Round "-"]
[White "jtrochez1"]
[Black "ivan"]
[Result "0-1"]
[WhiteCountry "HON"]
[BlackCountry "CRO"]
[WhiteElo "1500"]
[WhiteRD "47"]
[BlackElo "1742"]
[BlackRD "71"]
[GameID "127260"]

1. e4 e5 2. Nf3 Nc6 3. Bc4 Nf6 4. d3 Bc5 5. Bg5 h6 6. Bh4 O-O 7. c3 d6 8. h3 Qe7 9. Nbd2 Be6 10. Qc2 Na5
11. Bxf6 Qxf6 12. Bxe6 Qxe6 13. d4 Bb6 14. O-O Nc4 15. Nxc4 Qxc4 16. b3 Qe6 17. d5 Qe7 18. Kh1 f5 19. a4 fxe4 20. Qxe4 Rf4
21. Qd3 e4 22. Rae1 Re8 23. Qc4 Qf7 24. Qe2 Qxd5 25. Qc4 Qxc4 26. bxc4 e3 27. Nd4 Bxd4 28. cxd4 Rxd4 29. fxe3 Rxc4 30. Rf3 Rxa4
31. Ref1 Ra3 32. Rf7 c5 33. R1f3 b5 34. Rd7 Rf8 35. Rg3 g5 36. h4 Rf1+ 37. Kh2 Ra4 38. Rh3 g4 39. Rg3 h5 40. e4 Rxe4
41. Rxa7 Rf7 42. Ra5 b4 43. Ra8+ Kg7
0-1

[Event "Ajedrez Latino"]
[Site "SchemingMind.com"]
[Date "2007.11.03"]
[Round "-"]
[White "XTC"]
[Black "ivan"]
[Result "0-1"]
[WhiteCountry "COL"]
[BlackCountry "CRO"]
[WhiteElo "1699"]
[WhiteRD "82"]
[BlackElo "1533"]
[BlackRD "70"]
[GameID "127261"]

1. e4 e5 2. Nf3 Nc6 3. Bb5 a6 4. Ba4 b5 5. Bb3 Nf6 6. d3 Be7 7. O-O O-O 8. a3 Bc5 9. Re1 d6 10. Be3 Bxe3
11. Rxe3 Bg4 12. c3 Re8 13. h3 Bh5 14. g4 Bg6 15. Nh4 Ne7 16. Nxg6 Nxg6 17. g5 Nd7 18. Rf3 Nf4 19. h4 Nc5 20. Bc2 f6
21. d4 Nce6 22. dxe5 fxe5 23. Nd2 Qd7 24. Nf1 Rf8 25. b4 Nd8 26. Bb3+ Kh8 27. Bd5 Rb8 28. Ne3 c6 29. Bb3 Nb7 30. Kf1 a5
31. c4 a4 32. Bc2 Nd8 33. Ng2 Nde6 34. Nxf4 Nxf4 35. c5 Nh3 36. Rxf8+ Rxf8 37. Qxd6 Qf7 38. Qd2 Nxf2 39. Kg1 Qf3 40. Qxf2 Qxf2+
0-1

[Event "Ajedrez Latino"]
[Site "SchemingMind.com"]
[Date "2007.11.01"]
[Round "-"]
[White "Dr_Pat"]
[Black "ivan"]
[Result "0-1"]
[WhiteCountry "USA"]
[BlackCountry "CRO"]
[WhiteElo "1497"]
[WhiteRD "44"]
[BlackElo "1742"]
[BlackRD "71"]
[GameID "127262"]

1. d4 d5 2. c4 c6 3. Nc3 Nf6 4. Nf3 Bg4 5. Bg5 e6 6. e3 h6 7. Bxf6 Qxf6 8. Be2 Bxf3 9. Bxf3 Bb4 10. O-O O-O
11. Rc1 Nd7 12. a3 Ba5 13. b4 Bc7 14. Be2 Qh4 15. g3 Qg5 16. f4 Qe7 17. c5 b6 18. e4 bxc5 19. dxc5 Rfd8 20. f5 dxe4
21. Qc2 exf5 22. Rxf5 Qe6 23. Qxe4 Qxe4 24. Nxe4 Re8 25. Bf3 Rad8 26. Nd6 Bxd6 27. cxd6 Ne5 28. Rd1 Nxf3+ 29. Rxf3 Re6 30. Rfd3 Kf8
31. d7 f6 32. Kf2 Kf7 33. Kf3 Re7 34. g4 Ke6 35. Kf4 Rexd7 36. Rxd7 Rxd7 37. Rxd7 Kxd7
0-1

[Event "Ajedrez Latino"]
[Site "SchemingMind.com"]
[Date "2007.11.06"]
[Round "-"]
[White "Lazaro"]
[Black "ivan"]
[Result "0-1"]
[WhiteCountry "CUB"]
[BlackCountry "CRO"]
[WhiteElo "1507"]
[WhiteRD "47"]
[BlackElo "1711"]
[BlackRD "67"]
[GameID "127263"]

1. d4 d5 2. c4 c6 3. Nc3 Nf6 4. Nf3 Bg4 5. Qb3 Qd7 6. cxd5 Bxf3 7. exf3 Nxd5 8. Nxd5 cxd5 9. Bb5 Nc6 10. O-O a6
11. Bxc6 Qxc6 12. Bf4 b5 13. Rfc1 Qd7 14. Rc5 e5
0-1

[Event "Ajedrez Latino"]
[Site "SchemingMind.com"]
[Date "2007.11.02"]
[Round "-"]
[White "Archon"]
[Black "ivan"]
[Result "1-0"]
[WhiteCountry "CAN"]
[BlackCountry "CRO"]
[WhiteElo "1776"]
[WhiteRD "57"]
[BlackElo "1642"]
[BlackRD "68"]
[GameID "127264"]

1. Nf3 Nc6 2. d4 d5 3. g3 Bg4 4. Bg2 Nf6 5. Ne5 Bf5 6. c4 Nb4 7. Qa4+ Nc6 8. Nc3 e6 9. Bg5 Be7 10. Nxc6 bxc6
11. Qxc6+ Nd7 12. Bxe7 Kxe7 13. cxd5 Re8 14. d6+ cxd6 15. O-O Rc8 16. Qa4 a5 17. e4 Bg6 18. Qa3 Qb6 19. e5 Qxd4 20. exd6+ Qxd6
21. Qxa5 Kf8 22. Rfc1 Ne5 23. a4 Nc4 24. Qa7 Nxb2 25. a5 Ra8 26. Bxa8 Qd2 27. Bg2 Rc8 28. a6 Nd3 29. Qb7 Qxf2+ 30. Kh1 Qc5
31. Rf1 Qxc3 32. a7 Nf2+ 33. Rxf2 Qxa1+ 34. Rf1 Qc3 35. a8=Q Rxa8 36. Qxa8+ Ke7 37. Qb7+ Ke8 38. Bc6+ Kf8 39. Qc8+ Ke7 40. Qd7+
1-0

[Event "Ajedrez Latino"]
[Site "SchemingMind.com"]
[Date "2007.11.01"]
[Round "-"]
[White "Schaakmaatje"]
[Black "ivan"]
[Result "1-0"]
[WhiteCountry "NED"]
[BlackCountry "CRO"]
[WhiteElo "1760"]
[WhiteRD "46"]
[BlackElo "1533"]
[BlackRD "70"]
[GameID "127265"]

1. e4 e5 2. Nf3 Nc6 3. Nc3 Nf6 4. Nxe5 Nxe5 5. d4 Nc6 6. e5 Ng8 7. Bc4 Bb4 8. O-O Bxc3 9. bxc3 d6 10. Qf3 Qe7
11. Ba3 Be6 12. Bb5 Nh6 13. d5 Bg4 14. Qe3 Qxe5 15. dxc6 Qxe3 16. cxb7+ Ke7 17. bxa8=Q Qxf2+ 18. Rxf2 Rxa8 19. Re1+ Kf8 20. Rf4 Rb8
21. Rfe4 Be6 22. c4 Nf5 23. Bc6 Rb6 24. Bd5 Rb8 25. g4 Nh4 26. Bxe6 Nf3+ 27. Kf2 Nxe1 28. Rxe1 fxe6 29. Rxe6 Kf7 30. Re3 Rb1
31. Rb3 Ra1 32. Rb2 Rh1 33. Kg2 Rc1 34. Bb4 Rd1 35. Kf2 Rd4 36. h3 Rxc4 37. Bd2 a6 38. Ke3 Rc5 39. Kf4 g6 40. h4 Kf6
41. Be3 Rc6 42. Bd4+ Ke6 43. c3 Rc4 44. Kg5 Kf7 45. Rf2+ Kg8 46. Kh6 Ra4 47. Bg7
1-0

[Event "Ajedrez Latino"]
[Site "SchemingMind.com"]
[Date "2007.11.01"]
[Round "-"]
[White "Kroll"]
[Black "ivan"]
[Result "1-0"]
[WhiteCountry "POL"]
[BlackCountry "CRO"]
[WhiteElo "1832"]
[WhiteRD "73"]
[BlackElo "1746"]
[BlackRD "71"]
[GameID "127266"]

1. d4 d5 2. c4 c6 3. cxd5 cxd5 4. Nf3 Nf6 5. Nc3 Nc6 6. Bg5 Bg4 7. e3 e5 8. dxe5 Nxe5 9. Bxf6 Qxf6 10. Qxd5 Nxf3+
11. gxf3 Qxf3 12. Bb5+ Ke7 13. Qe5+ Be6 14. Ne4 Qxh1+ 15. Ke2 Qxe4 16. Qxe4 Rb8 17. Rd1 f5 18. Rd7+ Kf6 19. Qd4+ Kg6 20. Rd8 Bc5
21. Rxh8 Bxd4 22. Rxb8 Bxb2 23. Rxb7 a5 24. Be8+
1-0

[Event "Ajedrez Latino"]
[Site "SchemingMind.com"]
[Date "2007.11.01"]
[Round "-"]
[White "roboam"]
[Black "ivan"]
[Result "0-1"]
[WhiteCountry "ESP"]
[BlackCountry "CRO"]
[WhiteElo "1740"]
[WhiteRD "101"]
[BlackElo "1711"]
[BlackRD "67"]
[GameID "127267"]

1. e4 e5 2. Nf3 Nc6 3. Bb5 Nf6 4. O-O Bc5 5. Re1 O-O 6. d3 a6 7. Ba4 b5 8. Bb3 d6 9. c3 Bg4 10. Be3 Bxe3
11. Rxe3 b4 12. h3 Bh5 13. Qd2 a5 14. c4 Bxf3 15. Rxf3 Nd4 16. Rg3 Nh5 17. Re3 Qg5 18. Bd1 Nf4 19. Rg3 Qh6 20. Qe3 c5
21. b3 f5 22. Nd2 fxe4 23. Nxe4 Rf7 24. Bf3 Nc2 25. Qc1 Nxa1 26. Qxa1 Nxd3 27. Qd1 Qc1 28. Qxc1 Nxc1 29. Nxd6 Rd7 30. Bxa8 Ne2+
31. Kh2 Nxg3 32. Bd5+ Kf8 33. Nb7 Ne2 34. Nxc5 Rd6 35. Ne6+ Ke7 36. Nxg7 Rf6 37. f3 Nc3 38. Nh5 Rf8 39. Bc6 Nxa2 40. Ng3 Nc1
41. Ba4 Rd8 42. Ne4 Rd3 43. Nc5 Re3 44. Kg3 Nd3 45. Nxd3 Rxd3 46. Kg4 Rd2 47. g3 Rd3 48. h4 Kf6 49. c5 Rc3 50. c6 Kg6
51. h5+ Kf6 52. h6 Kg6
0-1